LEADER 01032cam2 2200289 450 001 E600200061263 005 20201119111046.0 010 $a0520009290 100 $a20100309d1962 |||||ita|0103 ba 101 $aeng 102 $aUS 200 1 $a<<2: >>The system the World$fIsaac Newton 210 $aBerkeley$aLos Angeles$aLondon$cUniversity of California Press$d1962 215 $a397-680 p.$d21 cm 225 2 $aNewton's principia 410 1$1001LAEC00028302$12001 $a*Newton's principia 461 1$1001E600200061239$12000 $aMathematical principles of natural philosophy and his system of the world 700 1$aNewton$b, Isaac$3A600200030933$4070$04135 801 0$aIT$bUNISOB$c20201119$gRICA 850 $aUNISOB 852 $aUNISOB$j100$m68937 912 $aE600200061263 940 $aM 102 Monografia moderna SBN 941 $aM 957 $a100$b007147$i-2$gSi$d68937$racquisto$1pregresso1$2UNISOB$3UNISOB$420100309094226.0$520201119111027.0$6Alfano 996 $aThe system the World$91703928 997 $aUNISOB